000 00869nam a22002537a 4500
005 20150821144251.0
010 _a BAC-EN21 /ENG-110638
020 _c725.00
_a9789339205126
020 _c725.00
_a933920512x
035 _aEN-94170
035 _aB-582006-025
037 _bPragati Pub/Ven
_adpl
037 _bDBAD/PUB
082 _a000
100 _aSharma, Arun
245 _aHow to prepare for quantitative aptitude for the CAT /
_cby Arun Sharma
250 _a6th rev. ed
260 _aNew Delhi
_bMcGraw Hill Education
_c2014
270 _aP-24, Green Park Extn.
_bNew Delhi
_e110016
300 _axxix,715p. :
_c28cm(pbk)
_bill.
490 _aMcGraw Hill Education winning edge series
942 _2ddc
_cEN
_mSHA
_h000
999 _c87822
_d87822